Statistics for Croatia First Level Subdivisions

Click here to take the quiz!

General Stats

  • This quiz has been taken 40 times
  • The average score is 8 of 21

Answer Stats

Županije% Correct
Zagreb City
92%
Zagreb
92%
Istria
69%
Zadar
65%
Karlovac
46%
Split-Dalmatia
35%
Varaždin
35%
Međimurje
31%
Dubrovnik-Neretva
27%
Virovitica-Podravina
23%
Šibenik-Knin
23%
Bjelovar-Bilogora
23%
Sisak-Moslavina
23%
Brod-Posavina
23%
Osijek-Baranja
23%
Lika-Senj
23%
Krapina-Zagorje
23%
Koprivnica-Križevci
23%
Požega-Slavonia
23%
Primorje-Gorski Kotar
19%
Vukovar-Srijem
19%

Score Distribution

Percentile by Number Answered

Percent of People with Each Score

Your Score History

You have not taken this quiz